[Event "POL-ch U18 Girls"]
[Site "Leba"]
[Date "2008.04.06"]
[Round "11"]
[White "Wrobel, Aneta"]
[Black "Malewska, Izabela"]
[Result "1/2-1/2"]
[WhiteElo "1698"]
[BlackElo "1429"]
[PlyCount "108"]
[EventDate "2008.03.29"]
[EventType "swiss"]
[EventRounds "11"]
[EventCountry "POL"]
[SourceTitle "CBM 123 Extra"]
[Source "ChessBase"]
[SourceDate "2008.05.06"]
[SourceVersion "1"]
[SourceVersionDate "2008.05.06"]
[SourceQuality "1"]

1. d4 c6 2. c4 d5 3. Nc3 e5 4. cxd5 cxd5 5. dxe5 d4 6. Ne4 Qa5+ 7. Nd2 Nh6 8. Ngf3 Nf5 9. g4 Ne3 10. fxe3 dxe3 11. h3 exd2+ 12. Bxd2 Bb4 13. Bg2 Nc6 14. a3 Bxd2+ 15. Qxd2 Qxd2+ 16. Nxd2 Nxe5 17. Rc1 Nc6 18. 0-0 Bd7 19. Ne4 0-0 20. Nc5 Bc8 21. Nxb7 Bxb7 22. Bxc6 Bxc6 23. Rxc6 Rfe8 24. Rc7 f6 25. Kf2 a5 26. Rd1 Red8 27. Rxd8+ Rxd8 28. Rb7 Rd2 29. Ke1 Rd4 30. e3 Rd5 31. Ke2 h5 32. b4 axb4 33. axb4 hxg4 34. hxg4 Kf8 35. b5 Ke8 36. b6 Rd6 37. Kf3 Kd8 38. Rb8+ Kd7 39. Kf4 g6 40. Ke4 Kc6 41. Kf4 Rd5 42. Rf8 g5+ 43. Kf3 Rd6 44. Rb8 Re6 45. e4 Re7 46. Ke3 Rd7 47. b7 Rxb7 48. Rxb7 Kxb7 49. Kd4 Kc7 50. Kd5 Kd7 51. e5 fxe5 52. Kxe5 Ke7 53. Kf5 Kf7 54. Kxg5 Kg7 1/2-1/2

[Event "POL-ch U18 Girls"]
[Site "Leba"]
[Date "2008.04.03"]
[Round "8"]
[White "Depta, Anna"]
[Black "Wrobel, Aneta"]
[Result "1-0"]
[WhiteElo "1882"]
[BlackElo "1698"]
[PlyCount "117"]
[EventDate "2008.03.29"]
[EventType "swiss"]
[EventRounds "11"]
[EventCountry "POL"]
[SourceTitle "CBM 123 Extra"]
[Source "ChessBase"]
[SourceDate "2008.05.06"]
[SourceVersion "1"]
[SourceVersionDate "2008.05.06"]
[SourceQuality "1"]

1. d4 Nf6 2. Nf3 g6 3. c4 c5 4. d5 e6 5. Nc3 exd5 6. Nxd5 Nxd5 7. Qxd5 Nc6 8. Bg5 Be7 9. Ne5 Nxe5 10. Qxe5 Rg8 11. Rd1 Kf8 12. Bh6+ Ke8 13. g3 d6 14. Qe4 Bf5 15. Qxb7 Rb8 16. Qxa7 g5 17. Bg2 Rxb2 18. f4 f6 19. fxg5 fxg5 20. Bd5 Rg6 21. 0-0 Be6 22. Bc6+ Bd7 23. Bd5 Be6 24. Bc6+ Bd7 25. Bd5 Be6 26. Rb1 Rxb1 27. Rxb1 Bxd5 28. Rb8 Be6 29. Rxd8+ Kxd8 30. Qb8+ Bc8 31. Qb6+ Kd7 32. Qb5+ Kd8 33. Qb6+ Kd7 34. Qa7+ Kd8 35. a4 Rxh6 36. Qb6+ Kd7 37. a5 Re6 38. a6 Bxa6 39. Qxa6 Rxe2 40. Qb7+ Ke8 41. Qc8+ Bd8 42. Qc6+ Ke7 43. Qb7+ Ke6 44. Qc8+ Ke7 45. Qf5 h6 46. Qh7+ Ke6 47. Qxh6+ Bf6 48. Qg6 Re5 49. Qg8+ Kf5 50. Kf2 Be7 51. Kf3 Kf6 52. Kg4 Re4+ 53. Kh5 Kf5 54. Qf7+ Bf6 55. g4+ Ke5 56. Qd5+ Kf4 57. Qf5+ Ke3 58. Qxf6 Rxc4 59. Qxd6 1-0

[Event "POL-ch U18 Girls"]
[Site "Leba"]
[Date "2008.03.31"]
[Round "3"]
[White "Cieslar, Monika"]
[Black "Wrobel, Aneta"]
[Result "0-1"]
[WhiteElo "1771"]
[BlackElo "1698"]
[PlyCount "66"]
[EventDate "2008.03.29"]
[EventType "swiss"]
[EventRounds "11"]
[EventCountry "POL"]
[SourceTitle "CBM 123 Extra"]
[Source "ChessBase"]
[SourceDate "2008.05.06"]
[SourceVersion "1"]
[SourceVersionDate "2008.05.06"]
[SourceQuality "1"]

1. e4 e6 2. d4 d5 3. Nc3 Nf6 4. e5 Nfd7 5. f4 a6 6. Be3 c5 7. Qd2 cxd4 8. Bxd4 Nc6 9. Bf2 b5 10. Nf3 Nc5 11. Bd3 b4 12. Ne2 Nxd3+ 13. Qxd3 a5 14. Ned4 Nxd4 15. Qxd4 Ba6 16. Qb6 Qxb6 17. Bxb6 a4 18. Kd2 Rc8 19. Bd4 Be7 20. c3 Kd7 21. Rhc1 Rc6 22. cxb4 Bxb4+ 23. Bc3 Bxc3+ 24. Rxc3 Rxc3 25. bxc3 Rb8 26. Kc2 a3 27. Nd2 Rb2+ 28. Kc1 Bc4 29. Rb1 Rxa2 30. Nxc4 dxc4 31. Rb4 Rxg2 32. Rxc4 Rg1+ 33. Kc2 a2 0-1